000 00540nam a22002057a 4500
003 DO-SdBNP
005 20180220133836.0
008 151027b 1993 sp||||| |||| 00| 0 spa d
020 _a8434833670
040 _aBPMSU
_bspa
_cBPMSU
100 _aVázquez-Vigo, Carmen
245 _aUn monstruo en el armario /
_bCarmen Vázquez-Vigo
250 _a5ta ed.
260 _aMadrid :
_bSM
_c1993
300 _a105 p. :
_bil.
_g20 cm
490 _aSM ; no.
942 _2ddc
_cBK
945 _aInventariado, 2018 / BT
956 _adaysi garcia
999 _c8470
_d8470